Most Searched Celebrities on Wikipedia - Statistics

General Stats
  • This quiz has been taken 849 times
  • The average score is 49 of 100
Answer Stats
# Views Hint Celebrity % Correct
1 75,965,727 Yuge Donald Trump
88%
4 18,946,792 FLOTUS Melania Trump
85%
35 8,631,364 Married to Kanye Kim Kardashian
84%
6 16,815,631 Queen Elizabeth II
83%
13 13,042,324 Titanic Leonardo DiCaprio
83%
17 10,874,860 The Rock Dwayne Johnson
82%
12 13,053,414 Daughter of #1 Ivanka Trump
82%
40 8,358,115 'King of Pop' Michael Jackson
82%
30 9,048,237 Married to #1 Ivana Trump
80%
2 22,793,889 Purple Rain Prince
80%
45 8,097,155 Married to #1 Marla Maples
79%
63 7,223,699 Shake it Off Taylor Swift
79%
64 7,204,667 Daughter of #1 Tiffany Trump
79%
9 15,994,901 POTUS Barack Obama
78%
20 10,181,620 Führer Adolf Hitler
77%
37 8,520,207 Tesla Elon Musk
76%
27 9,375,457 Apple Steve Jobs
74%
73 6,950,783 Umbrella Rihanna
73%
74 6,915,445 E=mc2 Albert Einstein
72%
54 7,622,351 Slim Shady Eminem
72%
50 7,745,499 Jack Sparrow Johnny Depp
72%
67 7,132,374 Rolling in the Deep Adele
71%
16 11,705,684 Real Madrid Cristiano Ronaldo
71%
100 5,962,776 Fresh Prince of Bel-Air Will Smith
71%
93 6,118,001 Forrest Gump Tom Hanks
68%
5 17,801,991 Democratic candidate Hillary Clinton
66%
83 6,584,699 Meat dress Lady Gaga
66%
58 7,376,207 Canadian, Despacito Justin Bieber
65%
15 11,879,258 Swimmer Michael Phelps
65%
43 8,246,491 Father of #35 Robert Kardashian
65%
68 7,114,550 'Friends' Jennifer Aniston
64%
75 6,870,846 Terminator Arnold Schwarzenegger
63%
91 6,200,360 Brangelina Brad Pitt
63%
85 6,454,399 The Hunger Games Jennifer Lawrence
63%
7 16,303,934 Boxer and activist Muhammad Ali
63%
34 8,696,168 Deadpool Ryan Reynolds
63%
23 9,713,955 POTUS Bill Clinton
62%
86 6,442,121 Mission: Impossible Tom Cruise
62%
29 9,180,679 Wham! George Michael
61%
51 7,730,295 Lara Croft Angelina Jolie
59%
76 6,852,064 To be, or not to be: that is the question William Shakespeare
58%
99 5,977,317 Richest man Bill Gates
56%
46 7,959,208 Manchester concert Ariana Grande
53%
66 7,163,610 Married to the Queen Prince Philip, Duke of Edinburgh
53%
60 7,341,424 Texas Senator Ted Cruz
53%
18 10,412,864 'La Pulga' Lionel Messi
52%
44 8,194,929 Son-in-law of the above Kanye West
51%
77 6,747,998 Rambo Sylvester Stallone
51%
87 6,427,301 POTUS George W. Bush
50%
62 7,329,191 "Ich bin ein Berliner" John F. Kennedy
50%
32 8,819,165 Cavs LeBron James
50%
22 9,824,338 POTUS and actor Ronald Reagan
50%
78 6,722,068 100 m Usain Bolt
50%
80 6,621,350 Former 1D member Zayn Malik
50%
61 7,337,597 'Great Emancipator' Abraham Lincoln
49%
10 13,923,993 Princess Leia Carrie Fisher
49%
96 6,040,731 The Joker Heath Ledger
47%
31 8,951,955 Mother of #10 Debbie Reynolds
46%
21 9,946,231 Severus Snape Alan Rickman
45%
97 6,005,220 L.A. Lakers Kobe Bryant
45%
49 7,800,586 Titanium Sia
45%
47 7,939,975 WWE wrestler John Cena
44%
41 8,276,215 Queen Victoria
44%
92 6,154,273 "The King" Elvis Presley
43%
42 8,268,763 His Airness Michael Jordan
43%
56 7,553,471 Cuban Fidel Castro
42%
19 10,396,851 Golden State Warriors Stephen Curry
40%
28 9,234,486 Irish UFC champion Conor McGregor
38%
14 12,160,992 #FeelTheBern Bernie Sanders
37%
72 6,966,103 Nonviolence Mahatma Gandhi
35%
90 6,233,278 Sex symbol Marilyn Monroe
35%
8 16,210,514 Narcoterrorist Pablo Escobar
35%
53 7,653,014 King George VI
34%
88 6,346,275 Criminal and cult leader Charles Manson
32%
70 7,017,491 Vice president Mike Pence
31%
81 6,616,235 That '70s Show Mila Kunis
30%
79 6,638,494 N.W.A Ice Cube
28%
69 7,052,239 Bane in The Dark Knight Rises Tom Hardy
28%
82 6,605,326 All Eyez on Me Tupac Shakur
28%
84 6,513,572 Daenerys Emilia Clarke
27%
36 8,550,987 Model with Palestinian roots Gigi Hadid
26%
59 7,370,612 Lost in Translation Scarlett Johansson
26%
38 8,441,220 Founding Father of the US Alexander Hamilton
25%
3 19,039,110 Glam rocker David Bowie
25%
89 6,291,613 Instagram, #58 Selena Gomez
25%
52 7,703,326 Serena van der Woodsen Blake Lively
24%
55 7,560,870 N.W.A Dr. Dre
24%
39 8,361,680 Leaked NSA information Edward Snowden
23%
57 7,517,385 Blood, toil, tears and sweat Winston Churchill
21%
65 7,182,778 Colts quarterback Peyton Manning
20%
26 9,394,996 Speech-generating device Stephen Hawking
20%
11 13,795,907 Former NFL player O.J. Simpson
19%
48 7,888,919 N.W.A Eazy-E
16%
24 9,427,156 Jane Porter (Tarzan) Margot Robbie
8%
71 6,970,157 British princess Princess Margaret, Countess of Snowdon
7%
94 6,089,427 Swedish actress and dancer Alicia Vikander
4%
25 9,414,132 Making a Murderer Steven Avery
4%
98 5,994,613 Wrestler and actor Brock Lesnar
2%
95 6,088,688 Indian actor and Chief Minister Jayalalithaa
1%
33 8,725,958 Indian-American model Sunny Leone
1%
No matching quizzes found
Score Distribution
Percent of People with Each Score
Percentile by Number Answered
Your Score History
You have not taken this quiz